Структура трофических группировок макромицетов осиново-пихтовых лесов Салаира; Сибирский экологический журнал; № 4

Bibliografiske detaljer
Parent link:Сибирский экологический журнал: научный журнал/ Российская академия наук (РАН), Сибирское отделение (СО).— , 1995-.— 0869-8619
№ 4.— 2003.— С. 445-452
Hovedforfatter: Петрова Н. В.
Sprog:russisk
Udgivet: 2003
Serier:Грибы
Fag:
Format: MixedMaterials Book Chapter
KOHA link:https://koha.lib.tpu.ru/cgi-bin/koha/opac-detail.pl?biblionumber=388623

MARC

LEADER 00000naa2a2200000 4500
001 388623
005 20231101063752.0
035 |a (RuTPU)RU\TPU\prd\19941 
090 |a 388623 
100 |a 20031124a2003 k y0rusy50 ca 
101 0 |a rus 
102 |a RU 
200 1 |a Структура трофических группировок макромицетов осиново-пихтовых лесов Салаира  |f Н. В. Петрова 
225 1 |a Грибы 
320 |a Библиогр.: 3 назв. 
461 1 |0 (RuTPU)RU\TPU\prd\1754  |x 0869-8619  |t Сибирский экологический журнал  |o научный журнал  |f Российская академия наук (РАН), Сибирское отделение (СО)  |d 1995- 
463 1 |0 (RuTPU)RU\TPU\prd\18478  |t № 4  |v С. 445-452  |d 2003 
610 1 |a макромицеты 
610 1 |a осиново-пихтовые леса 
610 1 |a леса 
610 1 |a Салаир 
610 1 |a гетеротрофные организмы 
675 |a 582.287(634.01)  |v 3 
700 1 |a Петрова  |b Н. В. 
801 1 |a RU  |b 63413507  |c 20031124  |g PSBO 
801 2 |a RU  |b 63413507  |c 20131209  |g RCR 
942 |c BK